000 00662nam a22002297a 4500
003 OSt
005 20210818181849.0
008 171222n sp gr 000 e spa d
020 _a9788434411434
040 _bspa
041 _aspa
082 0 4 _a320.01
_bS266p
100 1 _94869
_aSavater, Fernando,
_d1947-
245 1 0 _aPolítica para Amador
_cFernando Savater
250 _a10a. ed.
260 _aBarcelona
_bEditorial Ariel, S. A.
_c[sin fecha conocida]
300 _a237 páginas
490 _aAriel
650 0 _932226
_aCiencia Politica
650 0 _915102
_aÉtica Política
942 _2ddc
_h320.01 S266p
_k320.01
_mS266p
999 _c12963
_d12963